EPIC: The Musical Songs by First Two Lines - Statistics

General Stats
  • This quiz has been taken 1,174 times
  • The average score is 34 of 40
Answer Stats
Hint Answer % Correct
Father, God KingRarely do I ask for favors God Games
92%
Fight, little Wolf, fightWanna entertain me? Little Wolf
92%
The lair of ScyllaThis is our only way home Scylla
90%
Alright, my brothers, listen closelyTonight we make the Trojans pay The Horse and the Infant
90%
Great wind God Aeolus, I don't know if you know thisBut our path to home is blocked by an impenetrable storm Keep Your Friends Close
89%
You were reckless, sentimental at bestThat's not a teaching of mine My Goodbye
89%
You can relax, my friendHuh? Open Arms
89%
Pride is a damsel in distressHiding away where only I can undress her Thunder Bringer
89%
Have you forgotten the lessons I taught you?(Athena) Warrior of the Mind
89%
I am the prophet with the answers you seekTime, I've unlocked it No Longer You
88%
Poseidon, Poseidon, Poseidon, PoseidonPoseidon, Poseidon, Poseidon, Poseidon Ruthlessness
88%
I'm supposed to choose a suitor to wear the crownI said I would choose as soon as I weave this shroud The Challenge
88%
I look into your eyes and I think back to that son of mineYou're as old as he was when I left for war Just a Man
87%
It's just me, myself and IStuck in my, living in the world you left behind Legendary
87%
Lady of the palace, sorry that I ask thisBut I hope that I've been misinformed Done For
86%
Over here!Look at all this food, look at all these sheep Polyphemus
86%
There are other ways of persuasionThere are other modes of control There Are Other Ways
86%
Let's cut the charade, you are no wife of mineYou've been tryin' to take my life this whole time Different Beast
85%
Friends, Circe's instructions were clearNo matter what we hear The Underworld
85%
Whoever can string the old king's bowAnd shoot through 12 axes cleanly Hold them Down
84%
Tell me you did not know that would happenSay you didn't know how that would end Mutiny
84%
Someone arrived todayThey said they're taking you away Not Sorry for Loving You
84%
I must say what a brilliant speech you gaveWho goes there? Wouldn't You Like
84%
You must be who Hermes mentionedA monster here to block my way Charybdis
83%
There you are, coward I've been waitin' for this moment, for the perfect time to strike Get in the Water
83%
PenelopeIs it you? Have my prayers been answered? Would You Fall in Love With Me Again
83%
Captain, I have something that I must confessSomething that I must get off my chest Puppeteer
82%
These waves and tides have grown in strength and sizeIs it nature or divine, or a blessing in disguise? Storm
82%
Six hundred menSix hundred men, under my command Full Speed Ahead
81%
(Polyphemus)(Polyphemus) Survive
81%
I had a friend before and he was a lot like youI helped him fight through war, but he had his demons too We'll Be Fine
81%
Old friendIt's been ten years since I last saw you Love in Paradise
80%
Please don't tell you're about to do what I think you'll doYou've heard the legends of the island in the sky Luck Runs Out
80%
For 20 years, I've suffered every punishment and painFrom the wrath of gods and monsters to the screams of comrades slain Odysseus
80%
Father?Son I Can't Help But Wonder
77%
How has everything been turned against us?How did suffering become so endless?? Monster
77%
Six hundred men (six hundred)Six hundred men (six hundred) 600 Strike
76%
Six hundred menSix hundred deaths under my command Dangerous
76%
PenelopePenelope Suffering
73%
Captain!Captain! Remember Them
65%
No matching quizzes found
Score Distribution
Percent of People with Each Score
Percentile by Number Answered
Your Score History
You have not taken this quiz